Statistieken voor Top-25 duurste Eredivisie transfers ooit

Klik hier om de quiz te nemen!

Algemene statistieken

  • Deze quiz is 155 keer genomen
  • De gemiddelde score is 9 van 25

Antwoordstatistieken

NummerSpelerTransfersomSeizoen% Correct
2Frenkie de Jong€ 86.000.00019/20
94%
1Antony€ 95.000.00022/23
91%
3Matthijs de Ligt€ 85.500.00019/20
91%
8Donny van de Beek€ 39.000.00020/21
59%
4Lisandro Martínez€ 57.370.00022/23
59%
7Hakim Ziyech€ 40.000.00020/21
57%
13Steven Bergwijn€ 30.000.00019/20
49%
5Hirving Lozano€ 45.000.00019/20
46%
9Memphis Depay€ 34.000.00015/16
43%
18Luis Suárez€ 26.500.00010/11
38%
11Sébastien Haller€ 31.000.00022/23
36%
6Davinson Sánchez€ 42.000.00017/18
29%
12Donyell Malen€ 30.000.00021/22
25%
16Klaas-Jan Huntelaar€ 27.000.00008/09
25%
14Ruud van Nistelrooy€ 28.500.00001/02
25%
25Ryan Gravenberch€ 18.500.00022/23
24%
17Wesley Sneijder€ 27.000.00007/08
24%
19Luis Sinisterra€ 25.000.00022/23
23%
22Kasper Dolberg€ 20.500.00019/20
20%
23Georginio Wijnaldum€ 20.000.00015/16
19%
15Davy Klaassen€ 27.000.00017/18
17%
10Arkadiusz Milik€ 32.000.00016/17
14%
20Vincent Janssen€ 22.000.00016/17
13%
21Sergiño Dest€ 21.000.00020/21
8%
24Alireza Jahanbakhsh€ 19.000.00018/19
3%

Scoreverdeling

Percentiel versus Aantal Correcte Antwoorden

Procent van Mensen met Elke Score

Uw Scoregeschiedenis

U heeft deze quiz nog niet genomen